000 00929nam a2200229Ia 4500
001 L264-20536
003 IT-CnALBA
008 170116s9999||||xx |||||||||||||| ||und||
040 _aIT-CnALBA
_cIT-CnALBA
041 _aITALIANO
100 _aMOSSO DOMENICO
245 0 _aVIVERE I SACRAMENTI.
250 _a1a ed.
260 _aCINISELLO BALSAMO (MI)
_bEDIZIONI PAOLINE
_c1992 [1° Ed.:1992 - Ed.Ling.Originale: 1992]
300 _a129 p.
500 _aPROBLEMI DEI SACRAMENTI. RITI. SEGNO SIMBOLO. SACRAMENTI DELLA GRAZIA. MISTERO DI CRISTO E I SETTE SACRAMENTI. CONCLUSIONE.
501 _aSocietà San Paolo EM - Piazza San Paolo, 14 - 12051 ALBA (CN) (non commercial uses only) ® Copyright 2017
520 _aPROBLEMI DEI SACRAMENTI. RITI. SEGNO SIMBOLO. SACRAMENTI DELLA GRAZIA. MISTERO DI CRISTO E I SETTE SACRAMENTI. CONCLUSIONE.
650 _aCULTO PUBBLICO LITURGIA
942 _cBK
957 _71
999 _a25274
_bNO
_g Copie: 1
_c279654
_d279654